000
00291nam a2200109Ia 4500
008
171211s9999 xx 000 0 und d
245
4
_a
The Reluctant Entertainer
245
_c
Sandy Coughlin
260
_c
2010
650
_x
Hobbies
856
_u
http://down.ebook777.com/062/9780764207501.pdf
999
_c
350346
_d
350346